• 首页
  • 本馆介绍
  • 公告通知
  • 最新文献
  • 馆藏检索
  • 电子资源
  • 读者导购
  • 参考咨询
  • 我的图书馆
  • 登录
  • 详细信息显示
  • 放入我的书架
  • 预约/预借图书
  • 作者相关作品
  • 分类相关作品
  • 丛书相关作品
  • 出版社相关作品

书目信息

  • 表格格式
  • 工作单格式
  • 卡片格式
题名:
经济运筹初步
    
 
作者: 明安联 , 方行明 编
分册:   线性规划部分
出版信息: 成都   西南财经大学出版社  1989.3
页数: 106页
开本: 19厘米
丛书名:
单 册:
中图分类: F224.3
科图分类:
主题词: 经济--计算 , 经济数学--方法
电子资源:
ISBN: 7-81017-082-1
000 00887nam0 2200277 45
001 0189001755
005 20040425143716.9
010    @a7-81017-082-1@dCNY0.80
020    @aCN@b89001755
100    @a19900806d1989 m y0chiy0120 ea
101 0  @achi
102    @aCN@b510000
105    @ay z 000yy
106    @ar
200 10 @a经济运筹初步@Ajing ji yun chou chu bu@i线性规划部分@Ixian xing gui hua bu fen@f明安联,方行明编@Fming an lian , fang xing ming bian
210    @a成都@c西南财经大学出版社@d1989.3
215    @a106页@d19厘米
330    @a本书介绍了线性规划的算法和简单书写格式。
540 1  @a经济运筹 线性规划@Ajing ji yun chou xian xing gui hua
606 0  @a经济@x计算
606 0  @a经济数学@x方法
690    @aF224.3
701  0 @a明安联@Aming an lian@4编
701  0 @a方行明@Afang xing ming@4编
801  0 @aCN@bNLC@c19900806
905    @f1@b262595@dF224.3@e106
    
    经济运筹初步.线性规划部分/明安联,方行明编.-成都:西南财经大学出版社,1989.3
    106页;19厘米
    
    
    ISBN 7-81017-082-1:CNY0.80
    本书介绍了线性规划的算法和简单书写格式。
●
相关链接 在E读中查询图书 在五车中查询图书 在当当中查询图书 在豆瓣中查询图书


正题名:经济运筹初步     索取号:F224.3/106         预约/预借

序号 登录号 条形码 馆藏地/架位号 状态 备注
1 0262594   000206397   第一样本阅览室/ [索取号:F224.3/106] 在馆    
2 0262595   000206164   第一借阅区/ [索取号:F224.3/106] 在馆    
唐山师范学院图书馆 欢迎您!
大连网信软件有限公司© 版权所有